| Tag |
First Indicator |
Second Indicator |
Subfields |
| LEADER |
00000cam a2200000 4500 |
| 001 |
in00000060738 |
| 005 |
20151008050546.0 |
| 008 |
720128s1950 iau 00010 eng u |
| 010 |
|
|
|a 50010502
|
| 035 |
|
|
|a (OCoLC)00229954
|
| 035 |
|
|
|9 AAG1764AM
|
| 040 |
|
|
|c WSU
|d TXA
|d UtOrBLW
|
| 049 |
|
|
|a TXAM
|c [187087]
|
| 090 |
|
|
|a HD111
|b .T5
|
| 092 |
|
|
|a 333.7
|b T584
|
| 100 |
1 |
|
|a Timmons, John F.
|q (John Francis),
|d 1912-
|
| 245 |
1 |
0 |
|a Land problems and policies /
|c edited by John F. Timmons and William G. Murray.
|
| 264 |
|
1 |
|a [Place of publication not identified] :
|b Iowa State College Press,
|c [1950]
|
| 300 |
|
|
|a 298 pages
|
| 336 |
|
|
|a text
|b txt
|2 rdacontent
|
| 337 |
|
|
|a unmediated
|b n
|2 rdamedia
|
| 338 |
|
|
|a volume
|b nc
|2 rdacarrier
|
| 504 |
|
|
|a Includes bibliographies.
|
| 650 |
|
0 |
|a Land use.
|
| 650 |
|
0 |
|a Land use
|z United States.
|
| 700 |
1 |
|
|a Murray, William G.
|q (William Gordon),
|d 1903-1991.
|
| 999 |
|
|
|a MARS
|
| 999 |
f |
f |
|s 7c9632ce-3b81-387d-809f-a25b98791fe1
|i b4d1a717-df9b-325c-8418-f89e10f6ff00
|t 0
|
| 952 |
f |
f |
|p ric
|a Texas A&M University
|b Rellis Campus
|c Joint Library Facility
|d Remote Storage
|t 0
|e HD111 .T5
|h Library of Congress classification
|i unmediated -- volume
|m A14800740893
|
| 998 |
f |
f |
|a HD111 .T5
|t 0
|l Remote Storage
|